Quartiers de Toulouse - Statistiques

Statistiques générales
  • Ce quiz a été pris 1 394 fois
  • Le résultat moyen est 18 sur 59
Statistiques - réponses
% Correct
Capitole
82%
Saint Cyprien
69%
Les Carmes
68%
Minimes
57%
Bagatelle
55%
Marengo-Jolimont
55%
Arenes
54%
Rangueil
53%
Empalot
53%
Reynerie
53%
Patte d'Oie
50%
Saint Michel
49%
Bellefontaine
47%
Compans Caffarelli
46%
Les Izards
45%
Saint Agne
45%
Roseraie
43%
Basso Cambo
42%
La Juncasse
40%
Cote Pavee
37%
Sauzelong
37%
Barriere de Paris
32%
Purpan
32%
Matabiau
31%
Fontaine Lestang
29%
Montaudran
29%
Les Chalets
27%
Croix daurade
26%
Amidonniers
25%
Le Busca
25%
Bonnefoy
24%
Saint Aubin
24%
Saint Georges
24%
Sept deniers
24%
Arnaud Bernard
23%
Croix de Pierre
23%
Lardenne
23%
La Faourette
19%
Saint Simon
19%
Pech David
18%
Pont des demoiselles
18%
Gramont
17%
Pradettes
17%
Soupetard
17%
La Cepiere
16%
Fer a cheval
15%
Lalande
15%
Saint Martin du Touch
15%
Mirail Université
14%
Papus
14%
La Terrasse
13%
Casselardit
12%
Guilheméry
12%
Chateau de l'Hers
11%
Pouvourville
9%
Lafourguette
8%
Ginestous
6%
L'Ormeau
5%
Malepere
5%
Aucun quiz correspondant
Distribution des résultats
% des personnes avec chaque résultat
Percentile par nombre de réponses
Votre historique - résultats
Vous n’avez pas pris ce quiz